000
00253nam a2200109Ia 4500
008
200302s9999 xx 000 0 und d
100
_a
Colin Rowe and others
245
_a
Collage City
260
_b
Birkhauser Verlag Gmbh
260
_c
2009
300
_a
290
999
_c
6812
_d
6812